[Event "FIDE World Cup-B"]
[Site "Hyderabad"]
[Date "2002.10.12"]
[Round "3"]
[White "Yermolinsky, Alex"]
[Black "Azmaiparashvili, Zurab"]
[Result "1/2-1/2"]
[WhiteElo "2575"]
[BlackElo "2666"]
[Annotator "Krasenkow,M"]
[PlyCount "76"]
[EventDate "2002.10.05"]
[EventType "tourn"]
[EventRounds "5"]
[EventCountry "IND"]
[EventCategory "14"]
[SourceTitle "CBM 092"]
[Source "ChessBase"]
[SourceDate "2003.02.06"]
[SourceVersion "1"]
[SourceVersionDate "2003.02.06"]
[SourceQuality "1"]

1. d4 Nf6 2. c4 g6 3. Nc3 d5 4. cxd5 Nxd5 5. e4 Nxc3 6. bxc3 Bg7 7. Be3 c5 8.
Nf3 Qa5 9. Qd2 Bg4 10. Rb1 a6 11. Rxb7 {This move became popular after the
famous game Kramnik-Kasparov (BGN World Championship, London 2000). That game
and the whole line was closely examined by GM I.Stohl in CBM79.} Bxf3 (11...
Nc6 12. Bc4 O-O 13. Bd5 Rac8 14. O-O Bxf3 15. gxf3 cxd4 16. cxd4 Qxd2 17. Bxd2
Bxd4 (17... Nxd4 18. Bb4 $1 $14 {Stohl,I}) 18. Bh6 Rfe8 19. Rc1 Na7 20. Rc4
Rxc4 21. Bxc4 Nb5 22. Rd7 $6 (22. Bxb5 axb5 23. Rxb5 $16) 22... Bc5 23. a4 Nc3
24. Bxa6 Nxa4 $14 {1/2-1/2 Tregubov,P-Bacrot,E/France 2001/EXT 2002 (36)}) 12.
gxf3 Nc6 13. Bc4 O-O (13... cxd4 14. cxd4 Qxd2+ 15. Kxd2 Nxd4 16. f4 Nf5 17.
Ra7 $1 (17. Rb6 Nxe3 18. fxe3 $14 {Stohl,I}) (17. Bd5 O-O 18. Bb3 Nxe3 19. fxe3
e6 20. Rc1 Rfc8 21. Rbc7 Rxc7 22. Rxc7 a5 23. e5 Bf8 24. Ke2 Bb4 25. Ba4 Rb8
26. Bd7 Ba3 {1/2-1/2 Tishin,P-Bairachny,R/Tula 2000/CBM 79 ext (37)}) 17...
Rxa7 18. Bxa7 Nd6 19. Bd3 Kd7 20. Rb1 Bh6 21. Be3 Rc8 22. Rb4 a5 23. Ra4 Ra8
24. e5 Nf5 25. Be4 Rb8 26. Bxf5+ gxf5 27. Rxa5 {1-0 Jedynak,R-Slaby,J/
Trzebinia POL 2002/The Week in Chess 390 (35)}) 14. O-O cxd4 15. cxd4 Bxd4 16.
Bd5 Qxd2 {An improvement on the above-mentioned game. GM A. Yermolinsky fails
to achieve any advantage.} (16... Bc3 17. Qc1 $1 Nd4 18. Bxd4 Bxd4 19. Rxe7 Ra7
20. Rxa7 Bxa7 21. f4 $1 Qd8 22. Qc3 Bb8 23. Qf3 $1 Qh4 24. e5 g5 25. Re1 $1
Qxf4 26. Qxf4 gxf4 27. e6 fxe6 28. Rxe6 Kg7 29. Rxa6 $16 {1-0 Kramnik,
V-Kasparov,G/London (m/2) 2000/CBM79/[Stohl,I] (40)}) 17. Bxd2 Rfc8 (17... Ne5
18. Bb4 $1 $16 {Stohl,I}) 18. Bh6 (18. Rd1 e6 {1/2-1/2 Keuter,K-Grabowski,B/
ICCF 2000/ICCF tele 9/2002 (18).}) (18. f4 e6 19. Bb3 Ra7 $11 {/+/=, Stohl,I})
(18. Rc1 Ne5 $132) 18... e6 19. Bxc6 Rxc6 20. Rfb1 Bg7 21. Rb8+ Rc8 22. Rxa8
Rxa8 23. Be3 Kf8 24. Rb7 Ke8 {White has a more active rook but it's not enough
to get any winning chances, especially as his pawn structure is damaged.} 25.
Bc5 Bf6 26. a4 a5 {[%cal Ya8c8,Yf6d8]} 27. Bb6 Be7 28. Kf1 Bb4 29. h3 h5 30.
Ra7 Rxa7 31. Bxa7 Kd7 32. Ke2 Kc6 33. Be3 Bc5 34. Bd2 Kb6 35. f4 Bb4 36. Be3+
Bc5 37. Bd2 Bb4 38. Be3+ Bc5 1/2-1/2

[Event "GER-ch 74th"]
[Site "Saarbruecken"]
[Date "2002.11.28"]
[Round "7"]
[White "Graf, Alexander"]
[Black "Gustafsson, Jan"]
[Result "1/2-1/2"]
[WhiteElo "2635"]
[BlackElo "2554"]
[Annotator "Krasenkow,M"]
[PlyCount "61"]
[EventDate "2002.11.22"]
[EventType "swiss"]
[EventRounds "9"]
[EventCountry "GER"]
[SourceTitle "CBM 093"]
[Source "ChessBase"]
[SourceDate "2003.04.01"]
[SourceVersion "1"]
[SourceVersionDate "2003.04.01"]
[SourceQuality "1"]

1. d4 Nf6 2. c4 g6 3. Nc3 d5 4. cxd5 Nxd5 5. e4 Nxc3 6. bxc3 Bg7 7. Be3 c5 8.
Qd2 cxd4 9. cxd4 Nc6 10. Bb5 {This move is quite rare comparing to} (10. Rd1)
10... O-O (10... Bd7 11. Ne2 (11. Rc1 Qa5 (11... a6 $5) 12. Qxa5 Nxa5 13. Bxd7+
Kxd7 14. Nf3 Rac8 $11 {1-0 Tegi,R-Kent,K/IECC 2000/Telechess CBM 89 (44)})
11... a6 12. Bd3 (12. Bxc6 Bxc6 13. f3 O-O 14. O-O Bb5 15. Rfd1 Bxe2 16. Qxe2
Rc8 $11 {0-1 Lehtivaara,P-Rytshagov,M/FIN 1996/EXT 99 (32)}) 12... O-O 13. Rc1
Rc8 14. O-O Qa5 15. Qxa5 Nxa5 16. d5 b5 {1/2-1/2/Vyzmanavin,A-Alterman,B/
Pardubice (01)/1993/} 17. Bb6 Nb7 18. Nd4 Bh6 19. Rcd1 Nd6 20. Nb3 Nc4 21. Bd4
Bg7 22. Rc1 Rfd8 23. f4 e6 24. Bxg7 Kxg7 25. dxe6 Bxe6 26. Be2 Ne3 27. Rxc8
Rxc8 28. Rc1 Rxc1+ 29. Nxc1 Nc2 $15 {0-1 Wang Yaoyao-Alterman,B/Beijing 1995/
EXT 97 (66)}) 11. Ne2 (11. Bxc6 $5 bxc6 12. Rc1 {1-0 Medina Fontes,S-Cabral,C/
San Antonio de Padua 2001/EXT 2002 (29)}) 11... Bd7 {Or else:} (11... Qa5 $6
12. Qxa5 (12. Bxc6 $5 Qxd2+ 13. Kxd2 bxc6 14. Rhc1 Bd7 (14... Rd8 $132) 15.
Rab1 Rab8 16. Bf4 Rb6 17. a4 Rc8 18. a5 Ra6 19. Rb7 Be8 20. Rc5 $16 {1-0
Karpov,Al-Dorokhin,M/Voronezh 1997/EXT 2000 (39)}) 12... Nxa5 13. Rc1 a6 14.
Bd3 Nc6 15. Bb1 (15. d5 Ne5 16. Bb1 b5 17. O-O e6 18. Rfd1 exd5 19. exd5 Nc4
20. Bc5 Re8 21. Nd4 Bb7 $132 {0-1 Vyzmanavin,A-Dvoirys,S/Cheliabinsk 1991/EXT
97 (46)}) 15... Bd7 16. d5 Ne5 17. f4 Ng4 18. Rc7 $5 (18. Bc5 Rfe8 19. e5 e6
20. d6 f6 $1 21. Be4 fxe5 22. Bxb7 Rab8 23. Bf3 Nh6 24. O-O Nf7 $13 {0-1
Vyzmanavin,A-Svidler,P/Novosibirsk 1995/CBM 50 (41)}) 18... Nxe3 19. Rxd7 e5
20. dxe6 fxe6 21. Kf2 $16 {L.Ftacnik}) (11... e5 $5 12. d5 Nd4 13. Bxd4 exd4
14. O-O $5 d3 15. Bxd3 Bxa1 16. Rxa1 f5 17. e5 Qxd5 18. Nf4 $44 {1-0 Korobov,
A-Areshchenko,A/Kharkov 2001/EXT 2002 (39)}) (11... Na5 12. Rc1 b6 13. O-O e6
14. Rfd1 Bb7 15. f3 Qe7 16. Rc2 Rac8 17. Rdc1 Rxc2 18. Rxc2 Rd8 $11 {0-1 Kopar,
J-Jankovits,I/Zalaegerszeg 1959/EXT 98 (26)}) 12. Rb1 e6 (12... a6 13. Bd3 b5 (
13... Be8 14. e5 b5 15. O-O Bd7 16. h4 Qa5 17. Rfc1 Rfc8 {1-0 Kuzmin,
A-Tseitlin,M/Berlin 1991/TD (17)} 18. Rxc6 $1 Qxd2 19. Rxc8+ Rxc8 20. Bxd2 $18)
14. h4 (14. O-O Qa5 15. Qxa5 Nxa5 16. d5 Rfc8 17. Rfc1 Rxc1+ 18. Rxc1 Rc8 19.
Rxc8+ Bxc8 {1/2-1/2 Hillarp Persson,T-Kaufman,L/Hampstead 1998/EXT 99 (19)})
14... Qa5 15. Qxa5 Nxa5 16. Kd2 Rfc8 17. Rhc1 e6 {1/2-1/2 Vyzmanavin,A-Huzman,
A/Vilnius 1995/CBM 50 ext (17)}) 13. h4 {Black meets this attack with
sufficient counterplay in the centre.} a6 14. Bxc6 (14. Bd3 $5 {was the only
way to fight for an advantage.}) 14... Bxc6 15. f3 h5 16. Kf2 Bb5 17. Nc3 Qd7
18. e5 {Plans with g2-g4 are out of question for White as his king is too
exposed.} Bc6 19. Bg5 f6 20. exf6 Bxf6 21. Bxf6 Rxf6 22. Rhd1 Raf8 23. d5 exd5
24. Nxd5 Qxd5 25. Qxd5+ Bxd5 26. Rxd5 R8f7 27. Rb4 b5 28. a4 Rf4 29. Rxf4 Rxf4
30. axb5 axb5 31. Rxb5 1/2-1/2

[Event "Selfoss Milk Masters 1st"]
[Site "Selfoss"]
[Date "2002.10.13"]
[Round "6"]
[White "Olafsson, Helgi"]
[Black "McShane, Luke J"]
[Result "0-1"]
[WhiteElo "2476"]
[BlackElo "2546"]
[Annotator "Krasenkow,M"]
[PlyCount "78"]
[EventDate "2002.10.08"]
[EventType "tourn"]
[EventRounds "9"]
[EventCountry "ISL"]
[EventCategory "12"]
[SourceTitle "CBM 092"]
[Source "ChessBase"]
[SourceDate "2003.02.06"]
[SourceVersion "1"]
[SourceVersionDate "2003.02.06"]
[SourceQuality "1"]

1. d4 Nf6 2. c4 g6 3. Nc3 d5 4. cxd5 Nxd5 5. e4 Nxc3 6. bxc3 Bg7 7. Be3 c5 8.
Rb1 cxd4 9. cxd4 Qa5+ 10. Qd2 Qxd2+ 11. Kxd2 {This line was examined in CBM74 
(game Iljushin-Anisimov). Here I'll give you several new examples.} O-O (11...
b6 $5 12. Bb5+ Bd7 13. Ne2 Bxb5 14. Rxb5 e6 15. Rc1 Na6 16. a4 Kd7 17. a5 Nc7
18. Rb3 Rhb8 19. Bf4 e5 20. Bxe5 Bxe5 21. dxe5 Ne6 22. Rd3+ Ke8 23. Rd5 bxa5
24. Rxa5 Rb2+ 25. Ke3 a6 26. Rc3 Rd8 27. Nc1 Rdd2 28. Rxa6 Rxf2 29. Ra8+ Ke7
30. Rca3 Rfc2 31. R3a7+ Rc7 32. Rxc7+ Nxc7 {1/2-1/2 Ferreira,N-Santos,A/Lisbon
2000/EXT 2002 (68)}) 12. Bd3 (12. Nf3 Nc6 (12... b6 13. Bd3 Ba6 14. Rhc1 Bxd3
15. Kxd3 Na6 16. Rc4 Rfd8 17. Ke2 Rdc8 18. Rbc1 Rxc4 19. Rxc4 f6 20. Bf4 Bf8
21. Ra4 Nb8 22. Bxb8 Rxb8 23. Rxa7 $16 {1-0 Bereolos,P-Gradsky,B/Saint Paul
2000/EXT 2001 (36)}) (12... e6 13. Bd3 b6 14. Rhc1 Ba6 15. Rc3 Bxd3 16. Kxd3
Nd7 17. e5 h6 18. Nd2 Rfd8 19. Ke2 Bf8 20. Ne4 a6 21. Rc7 Kg7 22. Rbc1 $16 {
1/2-1/2 Quinn,M-Prasad,D/Hoogeveen NED 2002/The Week in Chess 415 (61)}) 13. d5
Rd8 14. Bd3 Na5 15. Bg5 (15. Ke2) 15... f6 16. Bf4 b6 17. Ke2 f5 18. Ng5 fxe4
19. Bxe4 Ba6+ 20. Kf3 Bb7 21. Rbd1 Nc4 22. Ne6 Rd7 23. Rc1 Nd6 $11 {1/2-1/2
Iljushin,A-Anisimov,P/St Petersburg 1999/CBM 74/[Krasenkow] (31)}) (12. Bb5 $6
a6 13. Ba4 b5 14. Bb3 Nc6 15. Ne2 Rd8 16. Bd5 Bb7 17. Rhc1 Rac8 18. Rc5 Na5 19.
Rxc8 Bxc8 20. Rc1 e6 $11 {0-1 Isaksson,P-Asadpour,M/Stockholm 2000/CBM 79 ext 
(40)}) 12... Rd8 (12... Nc6 13. Nf3 f5 $5 {An interesting but apparently
insufficient attempt to do without ...Rd8.} 14. d5 Na5 15. Rhc1 fxe4 16. Bxe4
Bf5 17. Bxf5 Rxf5 18. Rb5 b6 19. Ng5 (19. Rc7 $5) 19... Rd8 20. Ke2 Bf6 21. Ne4
$14 {1-0 Schneider,S-Gustafsson,F/Sweden 1999/EXT 2000 (37)}) (12... e6 13. Ne2
$5 Nc6 14. Rhc1 Rd8 15. e5 h6 16. h4 Ne7 17. h5 g5 18. f4 gxf4 19. Nxf4 Nd5 20.
Nxd5 exd5 21. g4 $16 {1-0 Volkov,S-Wartlick,K/Schwaebisch Gmuend 2000/CBM 74
ext (39)}) 13. Nf3 (13. Ne2 Nc6 14. d5 Ne5 15. Nd4 Nxd3 16. Kxd3 e6 17. dxe6
fxe6 18. f4 b6 $11 {0-1 Dearing,E-Varley,P/England 1998/EXT 99/[Bulletin] (44)}
) 13... e6 14. Rhc1 (14. Bg5 f6 15. Be3 Nc6 16. Rhc1 f5 17. e5 h6 18. h4 Ne7
19. Bc4 b6 20. Bb3 Nd5 21. Bxd5 Rxd5 22. Rc7 Bd7 23. Rbc1 Bf8 24. Ke1 Ba3 25.
R1c2 Ba4 26. R2c4 Bb5 27. Rc2 Bf8 28. Rb7 Rd7 29. Rxd7 Bxd7 30. Rc7 Be8 31. Nd2
b5 32. Nb3 a5 33. Nc5 Bxc5 34. dxc5 b4 35. Bxh6 a4 36. Rb7 {1/2-1/2 Parker,
R-Varley,P/England 2000/EXT 2001 (36)}) 14... Nc6 15. Rc4 {Too passive. Black
has now enough resources to develop his pieces and consolidate his position.} (
15. e5 $142 f6 16. Ke2 $1 {Kozul,Z-Polajzer,D/Ptuj 1989/1-0 (40) -see CBM74} (
16. exf6 $6 Bxf6 17. Rc4 e5 18. dxe5 Bf5 19. Rc3 Nxe5 20. Nxe5 Bxe5 21. Ra3 b6
22. Ke2 Rxd3 {1/2-1/2 Wiley,T-Sigfusson,S/Reykjavik 2000/CBM 75 ext (22)}))
15... Bd7 (15... f5 16. Ke2 f4 17. Bxf4 Nxd4+ 18. Nxd4 Bxd4 $2 19. Bg5 Rd6 20.
Rbc1 Bd7 21. Be7 Rc6 22. Rxd4 Rxc1 23. Rxd7 b6 24. Bf6 {1-0 Benitah,Y-Bernard,
J/France 2001/EXT 2002 (24).}) 16. h3 (16. h4 Be8 17. Ke2 Rd7 18. h5 gxh5 19.
Rb5 Rad8 20. Bg5 f6 21. Bh4 a6 22. Rb6 Nxd4+ $11 {1/2-1/2 Sherbakov,
R-Mikhalevski,V/Leeuwarden op 1994 (30)}) 16... Be8 17. a4 $6 {This careless
move gives the initiative to Black as the a4 pawn falls.} Na5 18. Rc2 $6 {
This loses an exchange and eventually, after further inaccurate defense, the
game.} (18. Rc3 $142 $5 Bxa4 19. Ra3 b5 20. Bxb5 Bxb5 21. Rxa5 a6 $15) 18...
Bxa4 {Well judged!} 19. Ra2 b5 20. Bxb5 Nb3+ 21. Rxb3 $8 (21. Ke1 $2 Bxb5 22.
Rxb3 Bc4) (21. Kc3 $2 Bxb5 22. Kxb3 Bd3 $19) 21... Bxb3 22. Ra3 a6 23. Bd3 ({
Probably} 23. Rxb3 axb5 24. Rxb5 {offers more drawing chances.}) 23... Rab8 (
23... Rdb8 $5) 24. Bf4 Bf8 25. Rxa6 Ra8 26. Ke3 (26. Rc6 $142) 26... Rxa6 27.
Bxa6 Ra8 28. Bd3 Ra3 29. Ke2 Ra1 30. Ne5 $6 (30. Nd2 $142 Bd1+ 31. Ke3 Ba3 32.
Be2 $1 (32. Be5 Bc1 33. d5 Ra3 $1 34. Bd6 Rb3 $19)) 30... Bd1+ 31. Ke3 Ba3 32.
Kd2 Ba4 (32... Bc1+ 33. Kxd1 Bxf4+ 34. Ke2 Bxe5 35. dxe5 g5 $1 {deserved
serious attention. After} 36. Ke3 Rg1 (36... Kg7 37. f4) (36... Re1+ 37. Be2)
37. Kf3 h5 $1 {Black has good winning chances due to a plan like ...Kg7, ...f6
exf6+ Kxf6, ...Ke5, then ...Ra1-a3 and ...h4 with a zugzwang and material
losses for White.}) 33. Bg3 $2 {This loses on the spot as White gets mated!} (
33. Kc3 {enabled White to fight on.}) 33... Bb4+ 34. Ke3 Re1+ 35. Kf4 (35. Kf3
Bd1+ 36. Kf4 Bd2#) 35... Bd2+ 36. Kg4 f5+ $1 37. exf5 exf5+ 38. Kh4 g5+ 39. Kh5
Be8+ 0-1

[Event "Bundesliga 0203"]
[Site "Germany"]
[Date "2003.02.09"]
[Round "11.4"]
[White "Lautier, Joel"]
[Black "Seger, Ruediger"]
[Result "1-0"]
[WhiteElo "2665"]
[BlackElo "2406"]
[Annotator "Krasenkow,M"]
[PlyCount "77"]
[EventDate "2002.10.19"]
[EventType "team-tourn"]
[EventRounds "15"]
[EventCountry "GER"]
[SourceTitle "CBM 094"]
[Source "ChessBase"]
[SourceDate "2003.05.26"]
[SourceVersion "1"]
[SourceVersionDate "2003.05.26"]
[SourceQuality "1"]
[WhiteTeam "Luebeck"]
[BlackTeam "Godesberg"]
[WhiteTeamCountry "GER"]
[BlackTeamCountry "GER"]

1. d4 Nf6 2. c4 g6 3. Nc3 d5 4. cxd5 Nxd5 5. e4 Nxc3 6. bxc3 c5 7. Nf3 Bg7 8.
Rb1 O-O 9. Be2 cxd4 10. cxd4 Qa5+ 11. Bd2 Qxa2 12. O-O Qe6 {This "retreat
without invitation" is not too popular nowadays.} 13. Qc2 Qc6 {Black can also
play} (13... b6) (13... Qd7) ({or} 13... Qd6 {but White maintains a sufficient
compensation for the pawn in any case.}) 14. Qd3 ({The exchang of queens by} 
14. Rfc1 {is harmless:} Qxc2 15. Rxc2 e6 (15... a5 $5) 16. Rc7 Nc6 17. d5 exd5
18. exd5 Nd4 19. Nxd4 Bxd4 20. Bf4 Bb6 21. Re7 Bf5 22. Rd1 Rfe8 23. d6 Rad8 $11
{1/2-1/2 Dub,Z-Kahn,E/Budapest 2002/CBM 87 ext (45)}) (14. Bc4 {is more
logical:} Nd7 $1 (14... b6 $6 15. Qd3 {preventing ...Ba6} Bb7 16. d5 Qe8 17.
Bb4 Nd7 18. Qa3 Bf6 19. e5 a5 20. Bc3 Bg7 21. e6 $36 {1-0 Vaisser,A-Mrdja,M/
Cannes 1990/EXT 99 (26)}) (14... Bg4 15. Qd3 Qd7 16. Ng5 (16. d5 a5 17. Bf4
Bxf3 18. Qxf3 Rc8 19. Bb5 Qd8 20. e5 Nd7 21. e6 Nf6 22. exf7+ Kxf7 23. Rfd1 $36
{1-0 Vandevoort,P-Daamen,F/Antwerp 1994/EXT 98 (35)}) 16... Qe8 17. Qg3 (17.
Rxb7 $5) 17... Bc8 18. Qh4 h6 19. Nf3 Qd7 20. Bxh6 Qg4 21. Qxg4 Bxg4 22. Bxg7
Kxg7 23. Ne5 Bc8 24. Bd5 $16 {1/2-1/2 Solomon,K-Lhagvasuren,C/Elista 1998/CBM
66 ext (61)}) 15. Qd3 Nb6 16. Ba2 (16. Bb5 $5) 16... Bg4 17. Ne5 $2 Bxe5 18.
dxe5 Rfd8 19. Qg3 Rxd2 20. Bxf7+ Kxf7 21. Qf4+ {1-0 Bartonicek,Z-Gorshkova,I/
Genova 2002/CBM ext 91 (37)} Bf5 $1 22. exf5 Rad8 $19 {This line needs more
tests.}) 14... Qd6 {This voluntary retreat looks quite strange but it is not
easy for Black to develop his pieces. Practice has seen:} (14... e6 15. Rfc1 (
15. Ne5 $1 $44) 15... Qd7 16. Bf4 Nc6 17. d5 exd5 18. exd5 Ne7 19. d6 (19. Rc7
Nxd5 $1) 19... Nc6 20. Qd2 $44 {0-1 Mueller,L-Haenggi,P/SUI 1994/EXT 97 (36)})
(14... Bg4 15. d5 (15. h3 $5 Bxf3 16. Bxf3 Qd7 17. d5 Nc6 18. Qb5 Rfd8 19. Qxb7
(19. Bg4 e6 20. Bg5 $14) 19... Nd4 20. Bd1 $14 {1/2-1/2 Markotic,G-Balenovic,Z/
Makarska Tucepi 1995/EXT 97 (73)}) (15. Bg5 Qd7 16. Qa3 Bxf3 17. Bxf3 Bxd4 18.
Bxe7 Re8 19. Bd6 Nc6 20. Rfd1 Bb6 21. h3 Qe6 $15 {0-1 Szabo,Z-Bachmann,A/
Balatonbereny 1997/EXT 2001 (25)}) (15. Bf4 $5 Qd7 16. d5 a5 17. Qa3 e6 18. Bb5
Qd8 19. Ne5 g5 20. Bg3 Bh5 21. dxe6 fxe6 22. Bc4 $16 {1-0 Arkhipov,
S-Ruzhkovich,A/Novokuznetsk 1999/EXT 2001 (34)}) 15... Qd7 16. Qa3 (16. Bb4
Bxf3 17. gxf3 Be5 18. Qe3 Na6 19. Bd2 Bc7 20. Rxb7 $5 Bxh2+ 21. Kxh2 Qxb7 22.
Kg2 f6 23. Qa3 Nb8 24. Rc1 $40 {1-0 Kalantarian,N-Okhotnik,V/Paris 1994/EXT 98
(29)}) 16... Bxf3 (16... Rc8 17. Bb5 Qd8 18. Bb4 Bf8 19. Ne5 $16 {1-0 Touzane,
O-Kasantsev,A/Budapest 1995/EXT 97 (39)}) 17. Bxf3 Na6 18. Bg5 Rfe8 19. Be2 Qd6
20. Qe3 e6 21. dxe6 Qxe6 22. Rxb7 h6 23. Bf4 Qxe4 24. Bxa6 Qc6 25. Qb3 {
1-0 Sakaev,K-Albrecht,R/Biel 1994/TD (25)}) (14... b6 15. Rfc1 (15. d5 Qd7 16.
Qa3 (16. Rfd1 Na6 17. Bf4 Nc5 18. Qe3 Bb7 19. Be5 f6 20. Bd4 Rac8 21. Nd2 Rc7
22. h4 h5 23. Qg3 Kh7 24. f4 {1/2-1/2 Bischoff,D-Deues,E/Bad Woerishofen 2001/
CBM 81 ext (24)}) 16... e6 (16... Bb7 17. Bb5 Qd6 18. Bb4 $16 {1-0 Perramond,
H-Hutin,C/Toulouse 2000/EXT 2001 (42)}) (16... Qd8 17. Rfd1 a5 18. Be3 Nd7 19.
e5 $36 {1-0 Berresheim,H-Eckert,F/Goch 1995/EXT 99 (38)}) 17. Rfd1 exd5 18.
exd5 Qxd5 19. Ng5 Bf5 20. Bf3 Qd8 21. Be3 (21. Rbc1 $14) 21... Nd7 22. Bxa8
Qxa8 23. Rbc1 $14 {1/2-1/2 Contini,L-Di Fonzo,V/Corsico 1994/EXT 2000 (29)})
15... Qd7 (15... Qd6 16. Bb4 Qd8 17. Qa3 Re8 18. d5 $44 {0-1 Selin,O-Karavaev,
V/Tula 1998/EXT 2000 (35)}) 16. Qa3 (16. Qe3 Ba6 17. d5 Rc8 (17... Bxe2 18.
Qxe2 a5 19. Bc3 Bxc3 20. Rxc3 a4 21. Qe3 Rc8 22. Qh6 f6 23. Rxc8+ Qxc8 24. Nd4
Qf8 25. Qc1 $16 {1-0 Komarov,D-Karasev,V/Leningrad 1989/EXT 2003 (35)}) 18. Bd1
Rxc1 19. Rxc1 Bb7 20. Bc3 Bxc3 21. Rxc3 Na6 22. Qh6 Qg4 23. Be2 Qh5 24. Qf4 $16
{1-0 Schulte,T-Iatrino,V/Cattolica 1993/TD (36)}) 16... Bb7 (16... e6 17. Bf4 (
17. Bb5 $1 Qb7 18. Bb4 Rd8 19. Be7 Bf8 20. Bxf8 Rxf8 21. Nd2 $16 {[%cal Yd2c4,
Yc4d6]}) 17... Nc6 18. Bb5 Bb7 19. Ne5 Qe7 20. Qxe7 Nxe7 21. f3 Rfc8 $11 {
1/2-1/2 Nemet,I-Van Mil,J/Dieren 1988/TD (47)}) (16... Qb7 17. Bc4 e6 18. d5
Rd8 19. Bg5 $16 {0-1 Sjodin,B-Dzevlan,M/Stockholm 1993/EXT 97 (38)}) 17. d5 Rc8
(17... e6 18. Bb5 Qd8 19. Bg5 f6 20. dxe6 $1 $18) (17... Qd8 18. Bf4 Nd7 19.
Rc7 Nc5 20. Rxc5 bxc5 21. Rxb7 $18 {1-0 Steinmacher,J-Schmitt,C/Zell 1993/EXT
2003 (24)}) 18. Rxc8+ Bxc8 19. Bb4 Bf8 20. Ne5 Qb7 21. Qf3 f6 22. Bc4 $1 $16 {
0-1 Correa,A-Matsuura,E/Curitiba 1992/EXT 2000 (39)}) (14... Rd8 15. Rfc1 Qe8
16. Bf4 b6 17. Qe3 Bg4 18. Bb5 Bd7 19. Bc4 Nc6 20. d5 Na5 21. Ba6 Bc8 22. Bd3
Bd7 23. Bc7 Rdc8 24. Ba6 $18 {1-0 Bielicki,B-Fuchs,O/Goerlitz 1998/EXT 99 (38)}
) (14... a5 15. Rfc1 Qd7 16. Qa3 Qd6 17. Bb4 axb4 18. Qxa8 $16 {1/2-1/2
Hoffmeyer,F-Karius,T/Germany 2000/EXT 2002 (29)}) 15. d5 {Or else:} (15. Bb4
Qd8 16. d5 (16. Qa3 Nc6 17. Bc5 Bxd4 $1 18. Nxd4 Nxd4 19. Bxe7 Nxe2+ 20. Kh1
Qe8 21. Bxf8 Qxf8 22. Qe3 a5 $1 23. Qxe2 a4 24. Rb5 Qe7 25. Ra1 Be6 26. e5 a3
27. Qf3 a2 $44 {1/2-1/2 Gelfand,B-Kamsky,G/Tilburg 1990/CBM 20/[Ftacnik] (36)})
16... Na6 (16... Bg4 17. Qa3 Re8 18. Bb5 Nd7 19. Ba5 b6 20. Bd2 a6 21. Bc6 Ra7
22. Ng5 $1 Rf8 23. h3 Be2 24. Rfe1 Bc4 25. Be3 $16 {1-0 Shneider,A-Urban,K/
Berlin 1992/EXT 98 (53)}) (16... a5 17. Qa3 Re8 18. Rfc1 b6 19. Bb5 Bd7 20. Bd2
Bxb5 21. Rxb5 Nd7 22. Be3 Rc8 23. Nd4 Ne5 24. Rxc8 Qxc8 25. Qb3 Qc4 26. Rxb6
Qxb3 27. Rxb3 Nc4 $132 {1/2-1/2 Ivanov,S-Grimm,S/Cologne 1993/EXT 2002 (38)})
17. Ba3 b6 18. Rfd1 (18. Rfc1 Nc5 19. Bxc5 bxc5 20. Rxc5 a5 $132 {0-1 Figuero
Toro,J-Gallardo Garcia,A/Caceres 1995/EXT 98 (50)}) 18... Nc5 19. Qe3 Bg4 20.
e5 {[#]} (20. Nd4 Bxd4 21. Rxd4 Bxe2 22. Qxe2 e5 23. Rc4 Qd6 {1/2-1/2 Atalik,
S-Horvath,C/Budapest 1992/EXT 97 (23)}) 20... Qc7 (20... Rc8 21. h3 Bxf3 22.
Bxf3 Qc7 $6 23. d6 exd6 24. exd6 Qd8 25. Be2 $14 {0-1 Gelfand,B-Kamsky,G/
Belgrade 1991/CBM 27/[Ftacnik] (39)}) 21. d6 exd6 22. exd6 Qd7 23. Bxc5 bxc5
24. Qxc5 Rfc8 25. Qa5 Rab8 26. Rxb8 Rxb8 27. Ne5 Bxe5 28. Qxe5 Qe6 $1 $11 {
1/2-1/2 Ebner,H-Klocker,H/AUT 1993/EXT 98 (54)}) (15. Rfc1 $5 Qd8 16. Qc4 b6
17. Qa4 Bd7 18. Qa3 e6 19. Bg5 f6 20. Bf4 Re8 21. Bc7 Qe7 22. Bd6 Qd8 23. Rc7
Bf8 24. Rbc1 Bc6 25. e5 $4 (25. R7xc6 $1 Nxc6 26. Bxf8 Nxd4 27. Nxd4 Qxd4 28.
Bh6 $16) 25... Qxc7 {0-1 Lambie,I-Hodgson,J/St Helier 2002/CBM 86 ext (41)})
15... Nd7 $6 {This gives White too many options of arranging his pieces.} (
15... Na6 {is more accurate, preventing 16.Bb4 for a while:} 16. Rfc1 (16. e5 {
is not enough:} Bxe5 17. Nxe5 Qxe5 18. Bc3 Qd6 19. Qd4 f6 20. Bxa6 Qxa6 21. Bb4
Rf7 22. Ra1 Qb5 23. Rfe1 Qd7 $15 {0-1 Appel,R-Grimm,S/Germany 1992/GER-chT2 
(54)}) (16. Qe3 $5) (16. Rfd1 $5) 16... Nc5 17. Qe3 b6 18. Bb4 Bg4 19. Rc4 (19.
Bxc5 bxc5 20. Rxc5 a5 21. e5 Qd8 22. Nd4 Bxe2 23. Nc6 Qd7 24. Qxe2 a4 $132 {
1-0 Burmeister,F-Benne,H/Germany 1994/GER (54)}) (19. Nd2 Bxe2 20. Qxe2 Rfc8
21. Nb3 a5 $13 {1-0 Nemet,I-Bartolini,T/Forli 1993/EXT 98 (35)}) 19... Qd8 20.
Nd4 Bxd4 21. Rxd4 Bxe2 22. Qxe2 Rc8 23. e5 Qd7 24. Qe3 Qf5 25. Re1 f6 26. exf6
exf6 27. d6 Qd7 $13 {1/2-1/2 Komarov,D-Tseshkovsky,V/Warsaw 1989/EXT 97 (45). 
(44)}) 16. Bb4 Nc5 17. Qe3 b6 18. Rfd1 (18. Rfc1 {leads to the position from
Komarov-Tseshkovsky - see above. d1 is a more useful place for the rook but,
as it will turn out later, for the other one.}) ({Therefore,} 18. Rbd1 $142 $1)
18... Bg4 19. e5 {An important pawn advance.} Qc7 20. Re1 $1 {[%mdl 32] A
remarkable move! White regroups his rooks to protect his strong pawn centre,
admitting and correcting his inaccuracy on move 18, which is not an easy
psychological decision!} Rad8 21. Rbd1 Bc8 22. Rd4 Bb7 23. Bc4 Qb8 (23... Rd7
24. h4 Rfd8 25. Red1) 24. h4 $1 e6 {A desperate attempt to free himself. Black
gives up an exchange without any compensation.} 25. dxe6 Nxe6 26. Bxe6 fxe6 27.
Bxf8 Rxf8 28. Qb3 (28. Rd6 $1 Bxf3 29. gxf3 Qb7 30. f4 {was probably even
stronger.}) 28... Qe8 29. Ng5 Bd5 30. Rxd5 $1 exd5 31. Qxd5+ Kh8 32. Qd6 h6 $2
(32... Bf6 $1 {enabled Black to fight on as} 33. exf6 {didn't work in view of}
Qxe1+ 34. Kh2 Qe8 35. g3 (35. Qc7 Qb8 $1) 35... Kg8 $1 36. Qd5+ Rf7 $11) {
[%tqu "En","Find a forced win for White.","","","e5e6","",100]} 33. e6 $1 {
This passed pawn decides the game!} hxg5 34. e7 Rg8 $8 35. hxg5 Bb2 (35... Bc3
$142 36. Re3 Ba1 (36... Bb2 37. Qb4 Ba1 38. Re4 $1 Rg7 39. Qd6 Bc3 40. Rh4+ Kg8
41. Qe6+ $18) 37. Re4 $1 {[%cal Rd6a3]} Qb5 38. Rh4+ Kg7 39. e8=N+ $1 Rxe8 40.
Qc7+ Kf8 41. Rf4+ $18) 36. Qb4 $1 {The bishop is trapped!} Rg7 37. Qxb2 Kg8 38.
Qa2+ Rf7 39. Qd5 {[%cal Rd5d8]} 1-0